000 00413nam a2200145Ia 4500
008 100415s9999 xx 000 0 und d
082 _b6250
_a581
100 _aDarlington CD
245 _aChromosome Atlas of Flowering Plants
260 _aLONDON
_c1955
_bGEORGE ALLEN LTD
365 _b21
630 _aChromosome Atlas of Flowering Plants
730 _aChromosome Atlas of Flowering Plants
942 _cBOOK
999 _c589220
_d589217